Missing Word: Albums (B) Quiz Stats

 Plays Quiz Updated Jul 29, 2015

Challenge
Share
Tweet
Embed
Score 0/24 Timer 04:00
0 Plays Today
Album 'B' Word % Correct
Let It ____Be
99.5%
____ To RunBorn
97.8%
Don't Look ____Back
97.7%
____ Over Troubled WaterBridge
97.5%
Back In ____ Black
93.7%
____ Out Of HellBat
93.1%
....____ One More TimeBaby
81.6%
....____ SeriouslyBut
79.9%
True ____Blue
74.8%
Ode To ____ JoeBillie
70.5%
____ Have More FunBlondes
70.1%
____ Donna Bella
65.4%
Album 'B' Word % Correct
Thick As A ____Brick
57.8%
Music ____Box
54.5%
Reign In ____Blood
51.3%
____ As UsualBusiness
50.6%
Back To ____Basics
48.6%
Tubular ____Bells
46.9%
____ It All Back HomeBringing
37.2%
____ In AmericaBreakfast
37%
My ____ Dark Twisted FantasyBeautiful
25.9%
Paul's ____Boutique
23.8%
The ____Bends
23.7%
Speakerboxxx/The Love ____Below
22.2%

Today's Daily Dose

You're not logged in!

Compare scores with friends on all Sporcle quizzes.
Join for Free
OR
Log In

You Might Also Like...

Show Comments

Extras

Top Quizzes Today


Score Distribution

Your Account Isn't Verified!

In order to create a playlist on Sporcle, you need to verify the email address you used during registration. Go to your Sporcle Settings to finish the process.

Report this User

Report this user for behavior that violates our Community Guidelines.

Details: